This or That: Hot Ones Hot Sauces #3 Quiz Stats

 Plays Quiz not verified by Sporcle

Support Sporcle.
Go Orange.
Score 0/20 Timer 03:00
0 Plays Today
Sauce Hot Sauce (H) or Not Sauce (N) % Correct
Sriracha???
79.4%
Torchbearer Garlic Reaper???
76.1%
Burn After Eating???
75.7%
Heartbeat Hot Sauce Red Habanero???
75.5%
Los Calientes???
75.3%
Fiya!Fiya!???
72.1%
Fiery Fool???
71.7%
Bunsters - Black Label???
70.9%
The Bronx Greenmarket Hot Sauce???
70.6%
Secret Aardvark???
67.4%
Sauce Hot Sauce (H) or Not Sauce (N) % Correct
Durango Burnin' Disorder Sauce???
33%
Mexican Deadly Scotch Pepper Concoction???
32.6%
Slappy's 6-Alarm Peppa Slop???
32.4%
Trinidad Ferocious Ruckus Sauce???
31.8%
Johnny's Toxic Fire Ant Concoction???
31.2%
Guadalajara Blisterin' Iguana Slop???
30.6%
Volcanic Hysteria Sauce???
29.4%
Fiery Temper???
28.3%
Flame On???
27.1%
Nuclear Explosion???
26.5%

You're not logged in!

Compare scores with friends on all Sporcle quizzes.
OR
Log In

From the Vault

Crossword Blackout! XVIII

by hockeystix3

No, there's no power outage, we promise. Hopefully.
Remove Ads.
Support Sporcle.
Get the best of Sporcle when you Go Orange. This ad-free experience offers more features, more stats, and more fun while also helping to support Sporcle. Thank you for becoming a member.

Show Comments

Extras

Top Quizzes Today


Score Distribution

Your Account Isn't Verified!

In order to create a playlist on Sporcle, you need to verify the email address you used during registration. Go to your Sporcle Settings to finish the process.

Report this User

Report this user for behavior that violates our Community Guidelines.

Details: